书目信息 |
| 题名: |
Pro/ENGINEER Wildfire 4.0机构运动仿真与动力分析
|
|
| 作者: | 佟河亭 , 李超 , 王炳强 编著 | |
| 分册: | ||
| 出版信息: | 北京 人民邮电出版社 2009.11 |
|
| 页数: | 237页 | |
| 开本: | 26cm | |
| 丛书名: | ||
| 单 册: | ||
| 中图分类: | TH122 | |
| 科图分类: | ||
| 主题词: | 机械设计--ji xie she ji--计算机辅助设计--应用软件 | |
| 电子资源: | ||
| ISBN: | 978-7-115-21084-5 | |
| 000 | 01334nam0 2200265 450 | |
| 001 | 112009 | |
| 005 | 20100531111524.39 | |
| 010 | @a978-7-115-21084-5@dCNY38.00 (含光盘) | |
| 010 | @a978-7-89479-779-7@b光盘 | |
| 100 | @a20100515d2009 ekmy0chiy0121 ea | |
| 101 | 0 | @achi |
| 102 | @aCN@b110000 | |
| 105 | @aa z 000yy | |
| 200 | 1 | @aPro/ENGINEER Wildfire 4.0机构运动仿真与动力分析@APro/ENGINEER Wildfire 4.0 ji gou yun dong fang zhen yu dong li fen xi@f佟河亭, 李超, 王炳强编著@Ftong he ting,li chao,wang bing qiang bian zhu |
| 210 | @a北京@c人民邮电出版社@d2009.11 | |
| 215 | @a237页@c图@d26cm@e光盘1片 | |
| 330 | @a本书是关于Pro/ENGINEER (简称Pro/E) Wildfire 4.0机构运动仿真与动力分析方面的书籍。书中详细介绍了机构运动仿真过程、行为建模和骨架模型在机构设计中的应用。书中既有简单的功能性实例又有难度较大的综合性实例, 这些实例对初学者及有一定基础的读者来说有较高的参考价值。全书共8章, 主要内容包括Pro/E机构设计概述、机构运动模型建立、运动环境设置、模型分析、测量和回放、综合实例 (机械手抓取工件)、行为建模和机构的装配设计。 | |
| 606 | 0 | @a机械设计@Aji xie she ji@x计算机辅助设计@x应用软件 |
| 610 | 0 | @aPro/ENGINEER Wildfire 4.0 |
| 690 | @aTH122@v4 | |
| 701 | 0 | @a佟河亭@Atong he ting@4编著 |
| 701 | 0 | @a李超@Ali chao@4编著 |
| 701 | 0 | @a王炳强@Awang bing qiang@4编著 |
| 801 | 0 | @aCN@c20100515 |
| 905 | @dTH122@eT831@f3 | |
| Pro/ENGINEER Wildfire 4.0机构运动仿真与动力分析/佟河亭, 李超, 王炳强编著.-北京:人民邮电出版社,2009.11 |
| 237页:图;26cm+光盘1片 |
| ISBN 978-7-115-21084-5:CNY38.00 (含光盘) |
| 本书是关于Pro/ENGINEER (简称Pro/E) Wildfire 4.0机构运动仿真与动力分析方面的书籍。书中详细介绍了机构运动仿真过程、行为建模和骨架模型在机构设计中的应用。书中既有简单的功能性实例又有难度较大的综合性实例, 这些实例对初学者及有一定基础的读者来说有较高的参考价值。全书共8章, 主要内容包括Pro/E机构设计概述、机构运动模型建立、运动环境设置、模型分析、测量和回放、综合实例 (机械手抓取工件)、行为建模和机构的装配设计。 |
| ● |
| 相关链接 |
|
|
|
正题名:Pro/ENGINEER Wildfire 4.0机构运动仿真与
索取号:TH122/T831
 
预约/预借
| 序号 | 登录号 | 条形码 | 馆藏地/架位号 | 状态 | 备注 |
| 1 | 984644 | 209846443 | 自科库501/501自科库 33排4列4层/ [索取号:TH122/T831] | 在馆 | |
| 2 | 984645 | 209846452 | 自科二线400A/400A自科库 29排1列4层/ [索取号:TH122/T831] | 在馆 | |
| 3 | 984646 | 209846461 | 自科库501/501自科库 33排4列4层/ [索取号:TH122/T831] | 在馆 |